[Event "Canadian op U1600"]
[Site "Toronto"]
[Date "1983.07.10"]
[Round "2"]
[White "Corrie, Michael"]
[Black "Lehmann, James"]
[Result "1-0"]
[WhiteElo "1480"]
[BlackElo "1577"]
[PlyCount "103"]
[EventDate "1983.07.09"]
[EventType "swiss"]
[EventRounds "10"]
[EventCountry "CAN"]
[SourceTitle "EXT 2022"]
[Source "ChessBase"]
[SourceDate "2021.10.06"]
[SourceVersion "1"]
[SourceVersionDate "2021.10.06"]
[SourceQuality "1"]

1. e4 c5 2. Nf3 Nc6 3. d4 cxd4 4. Nxd4 Nf6 5. Nc3 g6 6. Be3 Bg7 7. f3 0-0 8. Qd2 Nxd4 9. Bxd4 d6 10. 0-0-0 Be6 11. g4 Qa5 12. Kb1 Rfc8 13. a3 a6 14. h4 b5 15. h5 b4 16. axb4 Qxb4 17. hxg6 fxg6 18. Nd5 Nxd5 19. Bxg7 Qxd2 20. Rxd2 Kxg7 21. exd5 Bg8 22. c4 a5 23. Kc2 Ra7 24. Kc3 a4 25. Be2 Rb8 26. Ra1 Rb3+ 27. Kd4 Bf7 28. Bd1 Rb4 29. Kc3 Rb6 30. Rxa4 Rxa4 31. Bxa4 e6 32. dxe6 Bxe6 33. b4 Kf6 34. Rh2 Bg8 35. f4 Ra6 36. Bb3 Kg7 37. Ra2 Rb6 38. Ra5 Be6 39. g5 Bf5 40. Ra7+ Kh8 41. c5 dxc5 42. bxc5 Rb8 43. Bd5 Rd8 44. Ra8 Rxa8 45. Bxa8 Kg7 46. c6 h6 47. Kd4 hxg5 48. fxg5 Kf8 49. Bb7 Ke7 50. c7 Kf7 51. c8Q Bxc8 52. Bxc8 1-0